Statistics for Vancouver International Airport Destinations (Vancouver, Canada)

Click here to take the quiz!

General Stats

  • This quiz has been taken 60 times
    (23 since last reset)
  • The average score is 83 of 136

Answer Stats

AirlineDestination% Correct
KLMAmsterdam
100%
Air ChinaBeijing (Capital)
100%
Air Canada/JetBlueBoston
100%
Air Canada/Air Canada Express/Flair Airlines/Lynx Air/North Cariboo Air/Summit Air/WestJetCalgary
100%
Air Canada/Air Canada Express/American Airlines/United AirlinesChicago (O'Hare)
100%
British AirwaysLondong (Gatwick)
100%
Air Canada/British AirwaysLondon (Heathrow)
100%
Flair AirlinesLondon (ON)
100%
Air CanadaMiami
100%
Air Canada/Air Transat/Flair Airlines/Lynx Air/Porter Airlines/WestJetMontreal (Trudeau)
100%
Air Canada/United AirlinesNewark
100%
JetBlueNew York (JFK)
100%
Air Canada/Flair Airlines/Lynx Air/Porter Airlines/WestJetOttawa
100%
Air FranceParis (Charles de Gaulle)
100%
Air Canada/China Eastern AirlinesShanghai (Pudong)
100%
Air Canada/Singapore AirlinesSingapore
100%
China Airlines/EVA AirTaipei (Taoyuan)
100%
All Nippon AirwaysTokyo (Haneda)
100%
Air Canada/Japan Airlines/Zipair TokyoTokyo (Narita)
100%
Air Canada/Flair Airlines/Lynx Air/Porter Airlines/Sunwing Airlines/WestJetToronto (Pearson)
100%
Air Canada/Air New ZealandAuckland
91%
Air CanadaAustin
91%
American AirlinesCharlotte
91%
American AirlinesDallas/Fort Worth
91%
Air IndiaDelhi
91%
Air Canada/Air Canada Express/United AirlinesDenver
91%
WestJetDetroit
91%
Air CanadaDubai (International)
91%
Air CanadaDublin
91%
Air Canada/Air Canada Express/Flair Airlines/Lynx Air/North Cariboo Air/Summit Air/WestJetEdmonton
91%
Air Canada/Condor/LufthansaFrankfurt
91%
Turkish AirlinesIstanbul
91%
Air Canada/American Airlines/American Eagle/Flair Airlines/United Airlines/WestJetLos Angeles
91%
Philippine AirlinesManila
91%
Delta Air Lines/Sun Country AirlinesMinneapolis/St. Paul
91%
LufthansaMunich
91%
Lynx Air/WestJetOrlando
91%
Flair AirlinesPhoenix/Mesa
91%
Air Canada/Air Canada Express/Flair Airlines/WestJetPhoenix (Sky Harbor)
91%
Air Canada Express/Alaska AirlinesPortland (OR)
91%
Air Canada Express/WestJetSan Diego
91%
Air Canada/Flair Airlines/United Airlines/United Express/WestJetSan Francisco
91%
Air Canada Express/Alaska Airlines/Delta ConnectionSeattle/Tacoma
91%
Air Canada/Korean AirSeoul (Incheon)
91%
Air Canada/QantasSydney
91%
Edelweiss AirZurich
91%
WestJetAtlanta
82%
Air Canada/Flair Airlines/Sunwing Airlines/WestJetCancun
82%
Sichuan AirlinesChengdu (Tianfu)
82%
Air Canada/Cathay PacificHong Kong
82%
Air Canada/WestJetHonolulu
82%
Air Canada/United AirlinesHouston (Intercontinental)
82%
Air Canada/Flair Airlines/WestJetLas Vegas
82%
Aeromexico/Air CanadaMexico City
82%
Air CanadaOsaka (Kansai)
82%
Air Canada/Air Canada RougeQuebec City
82%
Air Canada Express/Lynx Air/WestJetRegina
82%
IcelandairReykjavik
82%
Air Canada ExpressSacramento
82%
Delta ConnectionSalt Lake City
82%
Air Canada Express/Flair Airlines/WestJetSaskatoon
82%
Air Canada/United AirlinesWashington (Dulles)
82%
Air Canada/Flair Airlines/Lynx Air/WestJetWinnipeg
82%
XiamenAirXiamen
82%
Air CanadaBangkok (Suvarnabhumi)
73%
Air CanadaBrisbane
73%
Air Canada/WestJetHalifax
73%
Air Canada/WestJetKahului
73%
Air Canada/Air Canada Express/Air North/Central Mountain Air/Flair Airlines/North Cariboo Air/Summit Air/WestJet EncoreKelowna
73%
Fiji AirwaysNadi
73%
WestJetNashville
73%
Air Canada Express/Air North/Pacific Coastal Airlines/WestJet EncoreVictoria
73%
Air Canada Express/Air NorthWhitehorse
73%
Air Canada Express/Air North/Summit AirYellowknife
73%
Air CanadaAnchorage
64%
Flair AirlinesGuadalajara
64%
WestJetLihue
64%
Air Canada Express/North Cariboo Air/WestJet LinkNanaimo
64%
Air Canada/WestJetOrange County
64%
Air Canada/Flair Airlines/WestJetPalm Springs
64%
Sunwing AirlinesPunta Cana
64%
Air Canada/Flair Airlines/Sunwing Airlines/WestJetSan Jose del Cabo
64%
Flair AirlinesWindsor
64%
Air Canada Express/Central Mountain Air/North Cariboo Air/WestJet LinkKamloops
55%
Hainan AirlinesShenzhen
55%
Sunwing AirlinesVaradero
55%
Air Canada/WestJetIxtapa/Zihuatanejo
45%
Air Canada/WestJetKailua-Kona
45%
Air Canada/Flair Airlines/Sunwing Airlines/WestJetPuerto Vallarta
45%
Sunwing AirlinesSanta Clara
45%
Harbour Air Seaplanes/Pacific Coastal Airlines/Tofino AirTofino
45%
Air Canada Express/WestJet EncoreFort St. John
36%
Sunwing Airlines/WestJetHuatulco
36%
Flair AirlinesKitchener/Waterloo
36%
Sunwing AirlinesMontego Bay
36%
Air Canada Express/Flair Airlines/North Cariboo Air/Pacific Coastal Airlines/Summit Air/WestJet EncorePrince George
36%
Air Canada ExpressPrince Rupert
36%
Harbour Air SeaplanesWhistler/Green Lake
36%
Central Mountain Air/Corilair/Pacific Coastal AirlinesCampbell River
27%
Air Canada Express/Pacific Coastal Airlines/WestJet LinkComox
27%
Sunwing AirlinesManzanillo
27%
Air Canada ExpressSandspit
27%
Pacific Coastal AirlinesAnahim Lake
18%
Pacific Coastal AirlinesBella Bella
18%
Pacific Coastal AirlinesBella Coola
18%
Air Canada ExpressCastlegar
18%
Air Canada Express/Pacific Coastal Airlines/WestJet LinkCranbrook
18%
Harbour Air Seaplanes/Salt Spring Air/Seair SeaplanesGanges Harbour
18%
Harbour Air Seaplanes/Helijet/Seair Seaplanes/Sunshine Coast AirNanaimo Harbour
18%
Air Canada Express/Pacific Coastal AirlinesPenticton
18%
Pacific Coastal AirlinesPort Hardy
18%
Pacific Coastal AirlinesPowell River
18%
Central Mountain AirQuesnel
18%
Harbour Air Seaplanes/Sunshine Coast AirSechelt
18%
Air Canada Express/WestJet EncoreTerrace/Kitimat
18%
Harbour Air Seaplanes/HelijetVictoria Harbour
18%
Harbour Air Seaplanes/Seair SeaplanesBedwell Harbour
9%
Harbour Air SeaplanesComox Harbour
9%
Harbour Air Seaplanes/Pacific Seaplanes/Seair SeaplanesMiners Bay
9%
Pacific SeaplanesPort Alberni
9%
Pacific Seaplanes/Seair SeaplanesPort Washington
9%
Iskwew Air/Oceanside AirQualicum Beach
9%
Pacific Coastal AirlinesRevelstoke
9%
Air Canada Express/Central Mountain AirSmithers
9%
Pacific SeaplanesThetis Island
9%
Pacific Coastal AirlinesTrail
9%
Pacific SeaplanesUcluelet
9%
HelijetVancouver Harbour
9%
Harbour Air Seaplanes/Salt Spring AirVictoria Airport
9%
Central Mountain Air/Pacific Coastal AirlinesWilliams Lake
9%
Pacific SeaplanesBamfield
0%
Gulf Island SeaplanesGabriola Island/Silva Bay
0%
Pacific SeaplanesGaliano Island
0%
Pacific Coastal AirlinesMassat
0%
Sunwing Airlines/WestJetMazaltan
0%
Seair SeaplanesMontague Harbour
0%

Score Distribution

Percentile by Number Answered

Percent of People with Each Score

Your Score History

You have not taken this quiz since the last reset